Quizzes
Events
Quiz Creation
Community
Videos
Private Events
Remove Ads
Sign In
Join for FREE
Feedback
Dark Mode
Quiz Categories
Sports
Geography
Music
Movies
Television
Just For Fun
Miscellaneous
History
Literature
Language
Science
Gaming
Entertainment
Religion
Holiday
For Kids
Quiz Lab
Recent
Popular Today
Quiz Kudos Today
Editor Picks
Curator Picks
Quizzes by...
Day
Popularity
Type
Ratings
Length
Year
Community
Subscriptions
Recent Discussions
Orange Saloon
Badges
Playlists
Quests
Create
Leaderboards
Showdown
Live 5
Trivia Bingo
Activity
Puzzle Library
Sporcle Events
Private Events
Virtual Trivia
Globe League
Become a Host
Pub Owners
SporcleCon
Opinionation
Our Games
Videos
Blog
Mobile Apps
Partnerships
Remove Ads and Go Orange
Feedback
Geography
Country
Landmarks
City
State
Population
World
Capital
Continent
Flags
Europe
Africa
Asia
South America
North America
Oceania
Border
Canada
United Kingdom
Topography
United States
Geography
Country
Landmarks
City
State
Population
World
Capital
Continent
Flags
Europe
Africa
Asia
South America
North America
Oceania
Border
Canada
United Kingdom
Topography
United States
Random Quiz
Search Sporcle
×
Quiz Lab
Quiz Lab
Geography
Interstate Highway
Type in answers that appear in a list
Type in answers that appear in a list
Classic
Best Score? Go Orange.
Interstate intersections 2 Stats
Can you name the Can you name the U.S. cities where these interstate highways intersect?
By
BikeEd2
8m
23 Questions
117 Plays
117 Plays
117 Plays
Comments
Comments
Give Quiz Kudos
Give Quiz Kudos
-
- Ratings
hide this ad
Replay
Link that replays current quiz
Next Quiz
Link to next quiz in quiz playlist
You Got
0%
They Got
Avg Score
73%
Avg Friend Score
Upgrade to see
Score Distribution
Jump to the score distribution portion of the page
Score
0/23
Timer
08:00
0
Plays Today
Interstate intersection
City
% Correct
Interstates 90 and 93
Boston, MA
87.2%
Interstates 71 and 75
Cincinnati, OH
87.2%
Interstates 84 and 5
Portland, OR
87.2%
Interstates 10 and 19
Tucson, AZ
82.1%
Interstates 43 and 94
Milwaukee, WI
82.1%
Interstates 4 and 95
Daytona Beach, FL
78.6%
Interstates 71 and 65
Louisville, KY
78.6%
Interstates 10 and 12
Baton Rouge, LA
77.8%
Interstates 90 and 79
Erie, PA
76.1%
Interstates 29 and 35
Kansas City (MO and KS)
76.1%
Interstates 16 and 75
Macon, GA
76.1%
Interstates 76 and 77
Akron, OH
76.1%
Interstate intersection
City
% Correct
Interstates 90 and 87
Albany, NY
75.2%
Interstates 95 and 91
New Haven, CT
70.9%
Interstates 81 and 83
Harrisburg, PA
70.1%
Interstates 10 and 25
Las Cruces, NM
69.2%
Interstates 20 and 49
Shreveport, LA
68.4%
Interstates 40 and 27
Amarillo, TX
65.8%
Interstates 40 and 15
Barstow, CA
61.5%
Interstates 40 and 26
Asheville, NC
61.5%
Interstates 20 and 95
Florence, SC
61.5%
Interstates 15 and 86
Pocatello, ID
56.4%
Interstates 72 and 57
Champaign, IL
53.8%
Quiz Playlist
Details
Report
Send in Message
Add To Playlist
Classic:
Type in answers that appear in a list
Last Updated: Feb 16, 2017
Quiz Scoreboard
CHALLENGE
Sign Up to Join the Scoreboard
Show All
Scores
Hide
Comments
May contain spoilers
Recently Published
9x9 Crossword: Cartoon Network
by jackfrog10
Miscellaneous
3m
College Basketball Coaching Resumes
by pancakes188
Sports
9m
Billboard Blitz: Fleetwood Mac
by CooCooCachoo
Music
15s
More to Explore
Quiz From the Vault
Featured Blog Post
Where Did the Easter Bunny Come From?
hide this ad
You Might Also Like...
Tags
Interstate Highway
Today's Top Quizzes in Geography
Browse Geography
hide this ad
Today's Top Quizzes in Interstate Highway
Browse Interstate Highway
Top Contributed Quizzes in Geography
1
Countries of the World - No Outlines Minefield
2
Top 25 Cities of France on a map
3
Any capital of a 'B' country per Continent
4
Any capital of a 'C' country per Continent
5
Closest Countries to UK A-Z
6
Any capital of a 'D' country per Continent
7
5-to-1: US Geography No Hints
8
Any capital of an 'E' country per Continent
9
Find the US States - No Outlines
10
Any capital of an 'F' country per Continent
Explore More
Trending Topics
Disney
Marvel
NBA
Anime
Crossword
Kpop
Harry Potter
Puzzle
The Office
WWE
Song
Pokémon
NFL
Country
Soccer
hide this ad
More By:
BikeEd2
Quiz
Plays
Rating
Category
Featured
Created
Interstate intersections 1
151
5.00
Geography
Dec 23, 2010
Interstate intersections 2
117
5.00
Geography
Dec 23, 2010
Go to Creator's Profile
Score Distribution
Quiz Creator Spotlight
BikeEd2
Follow
Send a Message
Quizzes Created
-
Created Quiz Play Count
-
More By This Creator
Popular Quizzes Today
1
Find the US States - No Outlines Minefield
2
Find the Countries of Europe - No Outlines Minefield
3
The Countries of the World
4
Find the US States
5
Risky Map Clicking: Biggest States A-Z
6
US States
7
Popular People in 1961
8
Movies - When Are They Set?
More Geography Quizzes
Continents by Number of Countries in Order
Curator's Pick
Trending Quizzes
Risky Map Clicking: Least Populous States A-Z
1-10 Letter G Words
1-10 Letter F Words
Risky Map Clicking: Next State Alphabetically
Adjectives in 80s TV Shows
Recently Updated
Leaping Animals
pecheneg
Reality TV Shows (A-Z)
bhenderson79
Rickey Henderson's Hall of Fame Teammates
pecheneg
Champions League XIs: Arsenal
pecheneg
Quick Pick: Celebrities in WWE's Hall of Fame
aduchscher
A-Z Keypad Blitz II
pecheneg
Multiple Oscar Actors
pecheneg
Mystery Phrase Blitz: Oscar 'Best Actors'
pecheneg
F. Scott Fitzgerald Novels
LTH
Pick 3 Villains
ddd62291
Trending Topics
Harry Potter
NBA
Anime
Kpop
Marvel
Crossword
Disney
Pokémon
Puzzle
NFL
Song
Soccer
WWE
Country
The Office
Your Account Isn't Verified!
In order to create a playlist on Sporcle, you need to verify the email address you used during registration. Go to your
Sporcle Settings
to finish the process.
Report this User
Report this user for behavior that violates our
Community Guidelines
.
Details:
Send Report
Go to the Sporcle.com Mobile Site →
Comments